| 000 | 01172nam a2200385 4500 | ||
|---|---|---|---|
| 003 | OSt | ||
| 005 | 20250506133214.0 | ||
| 008 | 250506b |||||||| |||| 00| 0 spa d | ||
| 022 | _a9788449440915 | ||
| 040 | _cR 030 E56e | ||
| 082 | _aR 030 E56e | ||
| 245 | _aVolumen 3: Enciclopedia universal del estudiante | ||
| 260 | _aEspaña | ||
| 520 | _aVolumen 3: Historia universal, Historia de América Latina | ||
| 650 | _aEDAD ANTIGUA | ||
| 650 | _aPUEBLOS GERMÁNICOS | ||
| 650 | _aIMPERIO ROMANO DE ORIENTE | ||
| 650 | _aNACIMIENTO Y EXPANSIÓN DEL ISLAM | ||
| 650 | _aFEUDALISMO | ||
| 650 | _aIMPERIOS ASIÁTICOS | ||
| 650 | _aCULTURAS PRECOLOMBINAS | ||
| 650 | _aALTA EDAD MODERNA | ||
| 650 | _aBAJA EDAD MODERNA | ||
| 650 | _aREVOLUCIÓN INDUSTRIAL BRITÁNICA | ||
| 650 | _aREVOLUCIÓN FRANCESA | ||
| 650 | _aNACIONALISMO | ||
| 650 | _aIMPERIALISMO | ||
| 650 | _aPRIMERA GUERRA MUNDIAL | ||
| 650 | _aREVOLUCIÓN RUSA | ||
| 650 | _aSEGUNDA GUERRA MUNDIAL | ||
| 650 | _aGUERRA FRÍA | ||
| 650 | _aAMÉRICA LATINA | ||
| 773 | 0 |
_013807 _937930 _dEspaña _oVol 1-8 _tEnciclopedia universal del estudiante _x9788449440915 |
|
| 942 |
_cREV _2ddc |
||
| 999 |
_c13810 _d13810 |
||